000 00404nam a22001577a 4500
008 240806b ||||| |||| 00| 0 eng d
020 _a9966201211
050 _aBV676
_b.A53 2004
100 _aAndrews, Shirley
245 _aWomen in ministry/
260 _aNairobi
_bEvangel publishing House
_c2004
300 _a282p;
_c23 cm
650 _aWomen clergy.
700 _aAndrews, Bob
942 _2lcc
_cBK
999 _c59371
_d59371